1809 1192 1597 1970 1820 1910 1945 1331 1539 1613 1503 1489 1875 1586 1207 1518 1289 1423 1083 1566 1767 1717 1915 1963 1742 1096 1872 1434 1219 1081 1037 1444 1309 1212 1259 1295 1252 1738 1058 1621 1275 1044 1302 1895 1499 1950 1575 1863 1260 1275 1853 1545 1582 1272 1984 1441 1610 1406 1966 1434 1275 1001 1777 1734 1940 1555 1580 1897 1383 1803 1061 1625 1731 1584 1331 1160 1401 1457 1025 1213 1199 1756 1869 1942 1822 1619 1989 1555 1274 1415 1155 1212 1736 1734 1860 1726 1716 1838 1134 BCNSPRNW ULIB Ver.6.0+V

เปลี่ยนเป็นภาษาไทย

Change to English
 แสดงรายละเอียดบรรณานุกรม
  กลับหน้าหลัก

Brief Record : Get Marc (ISO 2709) : E-mail record : QR code < ปิดหน้าต่าง
LEADER : 00000nam 2200000uu 4500
001    13399126121
003     ULIB
008    180611s2015||||th 000 0 tha d
020    ^a9781438075662 (pbk. with MP3 CD)
050 00 ^aPE1128^bS532B
100 1  ^aSharpe, Pamela J.,^eauthor.
240 10 ^aOutsmart the TOEFL
245 10 ^aTOEFL strategies and tips : Outsmart the TOEFL /^bPamelaJ. Sharpe, Ph.D.
246 3  ^aBarron TOEFL strategies and tips
246 3  ^aOutsmart the TOEFL
250    ^a2nd edition.
260    ^aNew York^bBarron Educational Series,Inc^c2015
300    ^a453 pages :^billustrations ;^c28 cm ^e1MP3-CD(digital ; 4 3/4 in.)
650  0 ^aTest of English as a Foreign Language^vStudy guides.
650  0 ^aEnglish language^xExaminations^vStudy guides.
650  0 ^aEnglish language^vSound recordings for foreign speakers.
945    ^p875^l0^i004210
945    ^p875^l0^i004211
999    ^aวรรณษา ชูชัยมงคล
รายการนี้ยังไม่มีแท็ก
คุณยังไม่ได้ล็อกอิน คุณสามารถมีกิจกรรมร่วมกับเว็บไซต์ได้ แต่ต้องล็อกอินก่อน ::
  ล็อกอิน

รายการสื่อสารสนเทศ

ลำดับที่ ประเภท เลขเรียก/บาร์โค้ด สถานที่ สถานะ
1. วิทยาศาสตร์การแพทย์ และสุขภาพ
หนังสือสำรอง
สถานะ=หนังสือสำรอง
PE1128 S532B ฉ.1 
  Barcode: 004210
ห้องสมุดวิทยาเขตนครสวรรค์
►นวนิยาย:l:Fiction
บนชั้น
2. วิทยาศาสตร์การแพทย์ และสุขภาพ
วิทยาศาสตร์การแพทย์ และสุขภาพ
PE1128 S532B ฉ.2 
  Barcode: 004211
ห้องสมุดวิทยาเขตนครสวรรค์
►นวนิยาย:l:Fiction
ถูกยืม กำหนดส่งวันที่ 11 เมษายน 2568
  จอง

BibComment


ยังไม่เคยถูกคอมเมนท์

คอมเมนท์ทรัพยากรรายการนี้
  คอมเมนท์: TOEFL strategies..


 Copyright 2026. Bcnsprnw @Library